Mahatma Gandhi and Jawaharlal Nehru : (Record no. 136661)
[ view plain ]
| 000 -LEADER | |
|---|---|
| fixed length control field | 00778nam a2200229 4500 |
| 010 ## - LIBRARY OF CONGRESS CONTROL NUMBER | |
| LC control number | A-702243 |
| 020 ## - INTERNATIONAL STANDARD BOOK NUMBER | |
| International Standard Book Number | 8170185475(Set) |
| 035 ## - SYSTEM CONTROL NUMBER | |
| System control number | A-702243 |
| 037 ## - SOURCE OF ACQUISITION | |
| Source of stock number/acquisition | Cen Lib / Ret |
| 040 ## - CATALOGING SOURCE | |
| Original cataloging agency | DPL |
| Language of cataloging | EN |
| 082 ## - DEWEY DECIMAL CLASSIFICATION NUMBER | |
| Classification number | 954.0841 |
| Item number | LIM |
| 100 ## - MAIN ENTRY--PERSONAL NAME | |
| Personal name | Limaye, Madhu |
| 245 ## - TITLE STATEMENT | |
| Title | Mahatma Gandhi and Jawaharlal Nehru : |
| Remainder of title | a historical partnership, 1916-1948 / |
| Statement of responsibility, etc | by Madhu Limaye |
| 260 ## - PUBLICATION, DISTRIBUTION, ETC. (IMPRINT) | |
| Place of publication, distribution, etc | Delhi |
| Name of publisher, distributor, etc | B. R. Publishing Corporation |
| Date of publication, distribution, etc | 1989 |
| 270 ## - ADDRESS | |
| Address | Office 29/9 Nangia Park, Shakti Nagar |
| City | New Delhi |
| 300 ## - PHYSICAL DESCRIPTION | |
| Extent | (v 1. 265) |
| Other physical details | 24cm(hb) |
| 505 ## - FORMATTED CONTENTS NOTE | |
| Formatted contents note | v 1. 1916-1931 ; |
| 650 ## - SUBJECT ADDED ENTRY--TOPICAL TERM | |
| Topical term or geographic name as entry element | India -- Politics and government -- 1919-1947. |
| 650 ## - SUBJECT ADDED ENTRY--TOPICAL TERM | |
| Topical term or geographic name as entry element | Gandhi, -- Mahatma, -- 1869-1948. |
| 650 ## - SUBJECT ADDED ENTRY--TOPICAL TERM | |
| Topical term or geographic name as entry element | Nehru, Jawaharlal, -- 1889-1964. |
| 942 ## - ADDED ENTRY ELEMENTS (KOHA) | |
| Source of classification or shelving scheme | Dewey Decimal Classification |
| Koha item type | English Books |
| Classification part | 954.0841 |
| Call number suffix | LIM |
| Withdrawn status | Lost status | Source of classification or shelving scheme | Materials specified (bound volume or other part) | Damaged status | Not for loan | Home library | Current library | Date acquired | Source of acquisition | Total Checkouts | Full call number | Barcode | Date last seen | Copy number | Price effective from | Koha item type |
|---|---|---|---|---|---|---|---|---|---|---|---|---|---|---|---|---|
| Dewey Decimal Classification | v 1 | Central Library | Central Library | 07/03/2016 | Cen Lib/Ret | 954.0841 LIM | A-702243 | 07/03/2016 | 1 | 07/03/2016 | English Books | |||||
| Dewey Decimal Classification | v 1 | Central Library | Central Library | 08/03/2016 | Cen Lib/Ret | 954.0841 LIM | A-386654 | 08/03/2016 | 2 | 08/03/2016 | English Books |
